Science Quiz

Random Science or Elements Quiz

The Only One: Elements Quiz Stats

 Plays Quiz Updated Sep 5, 2019

Score 0/12 Timer 04:00
16 Plays Today
% Correct
Mercury
90%
Copper
86.9%
Radon
86.5%
Gold
85.5%
Manganese
84.9%
Mendelevium
75.2%
Curium
74.3%
Antimony
68.9%
Tungsten
66.7%
Chlorine
60.2%
Sodium
52.8%
Selenium
50.9%

You're not logged in!

Compare scores with friends on all Sporcle quizzes.
OR
Log In

Sporcle TV

Today on Sporcle TV


Watch our educational content, quiz creation guides, and fun videos on Sporcle TV.

Show Comments

Extras

Top Quizzes Today


Score Distribution

Your Account Isn't Verified!

In order to create a playlist on Sporcle, you need to verify the email address you used during registration. Go to your Sporcle Settings to finish the process.

Report this User

Report this user for behavior that violates our Community Guidelines.

Details: